Cargo work for maritime operations (Record no. 11675)

000 -LEADER
fixed length control field 00533nam a22001937a 4500
008 - FIXED-LENGTH DATA ELEMENTS--GENERAL INFORMATION
fixed length control field 201023b 2005 ||||| |||| 00| 0 eng d
020 ## - INTERNATIONAL STANDARD BOOK NUMBER
International Standard Book Number 0750665556
082 ## - DEWEY DECIMAL CLASSIFICATION NUMBER
Classification number 623.8881
Item number HOU
100 ## - MAIN ENTRY--PERSONAL NAME
Personal name House, David J.
245 ## - TITLE STATEMENT
Title Cargo work for maritime operations
250 ## - EDITION STATEMENT
Edition statement 7th
260 ## - PUBLICATION, DISTRIBUTION, ETC. (IMPRINT)
Place of publication, distribution, etc USA
Name of publisher, distributor, etc Elsevier Butterworth-Heinemann
Date of publication, distribution, etc 2005
300 ## - PHYSICAL DESCRIPTION
Extent xviii,323p.
504 ## - BIBLIOGRAPHY, ETC. NOTE
Bibliography, etc "Includes Appendix and Index".
650 ## - SUBJECT ADDED ENTRY--TOPICAL TERM
Topical term or geographic name as entry element Hatchwork and heavy-lift cargoes
650 ## - SUBJECT ADDED ENTRY--TOPICAL TERM
Topical term or geographic name as entry element Bulk cargoes
650 ## - SUBJECT ADDED ENTRY--TOPICAL TERM
Topical term or geographic name as entry element Tanker cargoes
942 ## - ADDED ENTRY ELEMENTS (KOHA)
Item type Books
Holdings
Withdrawn status Lost status Source of classification or shelving scheme Damaged status Not for loan Collection code Permanent location Current location Shelving location Date acquired Full call number Barcode Date last seen Koha item type Public note
          Non-fiction IMU-MPC Library IMU-MPC Library General Stacks 2020-10-23 623.8881 HOU MPC4821 2025-03-17 Books Column - 14
Copyright © 2021 Indian Maritime University, Mumbai Port Campus. All Rights Reserved. Managed & Maintained by Central Library, IMU-Mumbai

webs counters

Powered by Koha